000 00459nam a2200169Ia 4500
005 20250425160637.0
008 250425s9999 xx 000 0 und d
041 _aspa
082 _a620
245 0 _aCOLORES SEÑALES Y SIMBOLOS DE SEGURIDAD
250 _a1A ED.
260 _aEcuador
_bINEN
_c1982
260 _aS.L.
500 _aD-14624 S/ 120 INEN BIBL. 28.06.94 NORMA INEN 439: 1982-165 general impreso DONACION
942 _c01
010 _a1064
999 _c193243
_d193243